00536nam a2200181Ia 4500008004000000041000800040082001200048100001800060245002700078260002600105650000700131650001700138650001100155690002200166906001100188999001900199952013600218210210b1917 xxu||||| |||| 00| 0 eng d aeng a320/490 aRIDDELL (W R) aConstitution of Canada abNot Mentionedc1917 aof aConstitution aCanada aPolitical Science a003132 c118469d118469 001040748Political ScienceaALbALcPolitical Scienced2021-02-17g0.00l0o320/490p003132r2021-02-17 00:00:00w2021-02-17yBK